Biblioteka Instytutu Północnego w Olsztynie

Widok standardowy Widok MARC

Pozycja Topical Term

Liczba rekordów, w których użyto hasła: 1

001 - Numer kontrolny

  • control field: 40151

003 - Identyfikator numeru kontrolnego

  • control field: NUKAT

005 - Data i czas ostatniej modyfikacji

  • control field: 20260416111421.0

008 - Dane kontrolne kodowane (40 znaków)

  • fixed length control field: 050120n||azznnbabn |a ana |

010 ## - Numer kontrolny Biblioteki Kongresu

  • numer kontrolny LC: p 2004310242

035 ## - Numer systemowy

  • numer systemowy: a10105505

040 ## - Instytucja sporządzająca rekord

  • inst. przygot. dane do rek. khw: WA N
  • język haseł przedmiotowych/tezaurus: DBN
  • inst. wprow. rek. khw: WA N

045 0# - Okres czasu dla hasła

  • okr. czasu od 9999 pne do n.e.: d1966

072 ## - Kod kategorii przedmiotu

  • kod kategorii przedmiotu: 13

072 ## - Kod kategorii przedmiotu

  • kod kategorii przedmiotu: 29

150 ## - Hasło - nazwa pospolita

  • nazwa posp. lub nazwa geogr. na pocz.: Tysiąclecie chrztu Polski (1966)

450 ## - Trop zob. - nazwa pospolita

  • nazwa posp. lub nazwa geogr. na pocz.: Millenium chrztu Polski

550 ## - Trop zob. też - nazwa pospolita

  • podpole kontrolne: g
  • nazwa posp. lub nazwa geogr. na pocz.: Rocznice

550 ## - Trop zob. też - nazwa pospolita

  • nazwa posp. lub nazwa geogr. na pocz.: Badania milenijne

550 ## - Trop zob. też - nazwa pospolita

  • nazwa posp. lub nazwa geogr. na pocz.: Chrzest Polski (966)

550 ## - Trop zob. też - nazwa pospolita

  • nazwa posp. lub nazwa geogr. na pocz.: Kopia obrazu Matki Boskiej Częstochowskiej

550 ## - Trop zob. też - nazwa pospolita

  • nazwa posp. lub nazwa geogr. na pocz.: Obchody 1050 rocznicy chrztu Polski (2016)

550 ## - Trop zob. też - nazwa pospolita

  • nazwa posp. lub nazwa geogr. na pocz.: Peregrynacja Matki Boskiej Częstochowskiej (1957-1980)

550 ## - Trop zob. też - nazwa pospolita

  • nazwa posp. lub nazwa geogr. na pocz.: Tysiąclecie Państwa Polskiego (1960-1966)

550 ## - Trop zob. też - nazwa pospolita

  • nazwa posp. lub nazwa geogr. na pocz.: Wielka Nowenna (1957-1966)

551 ## - Trop zob. też - nazwa geograficzna

  • nazwa geograficzna: Polska

682 ## - Informacja o usuniętym haśle

  • tekst wyjaśniający: zmienione z:
  • zastąpione hasło: Tysiąclecie chrztu Polski
Biblioteka Instytutu Północnego, ul. Partyzantów 87, 10-402 Olsztyn, email: biblioteka(at)ip.olsztyn.pl